| 000 | 00857nam a22002417a 4500 | ||
|---|---|---|---|
| 005 | 20240530110353.0 | ||
| 008 | 141220s2010 ua o f 000 0cara d | ||
| 017 |
_a20468/2009 _bمصر . دار الكتب المصرية |
||
| 020 | _a9772088126 | ||
| 040 | _aEG-CaGPL | ||
| 041 | 0 | _aara | |
| 082 | 0 | 4 |
_221 _a791.4509 _bم م |
| 100 | 0 | _aمحمود قاسم | |
| 245 | 1 | 0 |
_aموسوعة المخرجين فى العالم العربى : _b1927 - 2010 / _cاعداد محمود قاسم |
| 250 | _aط 1 | ||
| 260 |
_aالقاهرة : _bمكتبة مدبولى ، _c2010 |
||
| 300 |
_a496 ص : _bصور ؛ _c24 سم |
||
| 650 | 0 | 4 |
_aالمخرجون _xدوائر المعارف |
| 650 | 0 | 4 |
_aالمخرجون _zالعالم العربى |
| 650 | 0 | 4 |
_aالمخرجون _xتراجم |
| 942 |
_2ddc _cBK |
||
| 999 |
_c60103 _d60103 |
||